• 首页
  • 本馆介绍
  • 公告通知
  • 最新文献
  • 馆藏检索
  • 电子资源
  • 读者导购
  • 参考咨询
  • 我的图书馆
  • 登录
  • 详细信息显示
  • 放入我的书架
  • 预约/预借图书
  • 作者相关作品
  • 分类相关作品
  • 丛书相关作品
  • 出版社相关作品

书目信息

  • 表格格式
  • 工作单格式
  • 卡片格式
题名:
生物数学
    
 
作者: 徐克学 著
分册:  
出版信息: 北京   科学出版社  1999
页数: 382页
开本: 16开
丛书名: 中国科学院研究生教学丛书
单 册:
中图分类: Q-332
科图分类:
主题词: 生物数学--研究生--教学参考资料
电子资源:
ISBN: 7-03-007850-0
000 00620nam0 2200217 45
001 0111071098
005 20031219104051.5
010    @a7-03-007850-0@dCNY45.00
100    @a20011107d1999 km y0chiy0120 ea
101 0  @achi
105    @a z 000yy
200 1  @a生物数学@ASheng Wu Shu Xue@f徐克学著@FXu Ke Xue Zhu
210    @a北京@c科学出版社@d1999
215    @a382页@d16开
225    @a中国科学院研究生教学丛书
410    @12001 @a中国科学院研究生教学丛书
606 0  @a生物数学@x研究生@x教学参考资料
690    @aQ-332@v4
701    @a徐克学@4著
801    @aCN@bTSTC@c20011107
905    @f5@b300698-702@dQ-332@e33
    
    生物数学/徐克学著.-北京:科学出版社,1999
    382页;16开.-(中国科学院研究生教学丛书)
    
    
    ISBN 7-03-007850-0:CNY45.00
    
●
相关链接 在E读中查询图书 在五车中查询图书 在当当中查询图书 在豆瓣中查询图书


正题名:生物数学     索取号:Q-332/33         预约/预借

序号 登录号 条形码 馆藏地/架位号 状态 备注
1 0300698   203006987   密集书库/ [索取号:Q-332/33] 在馆    
2 0300699   203006996   第三借阅区/ [索取号:Q-332/33] 在馆    
3 0300700   203007003   第三借阅区/ [索取号:Q-332/33] 在馆    
4 0300701   203007012   第三借阅区/ [索取号:Q-332/33] 在馆    
5 0300702   203007021   第二样本阅览室/ [索取号:Q-332/33] 在馆    
6 0319657   203196576   密集书库/ [索取号:Q-332/33] 在馆    
7 0319658   203196585   密集书库/ [索取号:Q-332/33] 在馆    
8 0319659   203196594   密集书库/ [索取号:Q-332/33] 在馆    
9 0319660   203196601   第三借阅区/ [索取号:Q-332/33] 在馆    
10 0319661   203196610   密集书库/ [索取号:Q-332/33] 在馆    
唐山师范学院图书馆 欢迎您!
大连网信软件有限公司© 版权所有